Concentration Compactness (Record no. 569124)

MARC details
000 -LEADER
fixed length control field 00410nam a2200169Ia 4500
008 - FIXED-LENGTH DATA ELEMENTS--GENERAL INFORMATION
fixed length control field 250326s9999 xx 000 0 und d
020 ## - INTERNATIONAL STANDARD BOOK NUMBER
ISBN 9783110530346
Paper back/Hardbound hbk
041 ## - LANGUAGE CODE
Language code of text/sound track or separate title eng.
082 ## - DEWEY DECIMAL CLASSIFICATION NUMBER
Classification number 515.78
Item number TIN
100 ## - MAIN ENTRY--AUTHOR NAME
Personal name Tintarev, Cy
245 #0 - TITLE STATEMENT
Title Concentration Compactness
260 ## - PUBLICATION, DISTRIBUTION, ETC. (IMPRINT)
Name of publisher De Gruyter
Year of publication 2020
Place of publication Berlin
300 ## - PHYSICAL DESCRIPTION
Number of Pages 216 p.
650 ## - SUBJECT ADDED ENTRY--TOPICAL TERM
Topical Term Mathematics
942 ## - ADDED ENTRY ELEMENTS (KOHA)
Koha item type English Books
Holdings
Withdrawn status Lost status Damaged status Not for loan Home library Current library Shelving location Date acquired Cost, normal purchase price Full call number Accession Number Price effective from Koha item type
        Anna Centenary Library Anna Centenary Library 5TH FLOOR, A WING 26.03.2025 10689.94 515.78 TIN 701387 26.03.2025 Reference

Find us on the map